003610000a2200073000450024501370000004100140013710000310015177301050018210aEfecto del cadmio y el cobre sobre el flujo de nitrógeno y fósforo en la interfase agua-sedimento en una laguna costera tropical0 aEspañol1 aCastro González, Maribeb1 tRevista de la Academia Colombiana de Ciencias Exactas, Físicas y Naturalesh109q535-543d2004g28